| 000 | 00434nam a2200169Ia 4500 | ||
|---|---|---|---|
| 008 | 221030s9999 xx 000 0 und d | ||
| 020 | _a8188114140507 | ||
| 041 | _aEnglish | ||
| 082 | _a105.23 | ||
| 100 | _aG. G. Bhise | ||
| 245 | 0 |
_aEngineering Network Analysis & Filter Design _cby G. G. Bhise, P. R. Chadha |
|
| 260 |
_bUmesh Pub. _aNew Delhi _c2009 |
||
| 300 | _a1072 | ||
| 650 | _aEE | ||
| 700 | _aP. R. Chadha | ||
| 942 | _cBK | ||
| 999 |
_c8993 _d8993 |
||